书目信息 |
| 题名: |
广播电视管理
|
|
| 作者: | 布朗 著 ;奎尔 , 钟新 著 | |
| 分册: | ||
| 出版信息: | 北京 中国人民大学出版社 2010 |
|
| 页数: | 479页 | |
| 开本: | 28cm | |
| 丛书名: | 新闻与传播学译丛·国外经典教材系列 | |
| 单 册: | ||
| 中图分类: | G221 | |
| 科图分类: | ||
| 主题词: | 广播工作--管理--教材 , 电视工作--管理--教材 , 广播工作 , 电视工作 | |
| 电子资源: | ||
| ISBN: | 978-7-300-11760-7 | |
| 000 | 01392oam2 2200349 45 | |
| 001 | 1132109312 | |
| 005 | 20110314084717.98 | |
| 010 | @a978-7-300-11760-7@dCNY49.80 | |
| 100 | @a20110121d2010 em y0chiy50 ea | |
| 101 | 1 | @achi@ceng |
| 102 | @aCN@b110000 | |
| 105 | @ay z 000yy | |
| 106 | @ar | |
| 200 | 1 | @a广播电视管理@AGuang Bo Dian Shi Guan Li@dRadio-television-cable management@f(美)詹姆斯·A. 布朗(James A. Brown),(美)沃德·L. 奎尔(Ward L. Quaal)著@F( Mei ) Zhan Mu Si· A. Bu Lang (James A. Brown),( Mei ) Wo De· L. Kui Er (Ward L. Quaal) Zhu@g钟新[等]译@zeng |
| 210 | @a北京@c中国人民大学出版社@d2010 | |
| 215 | @a479页@d28cm | |
| 225 | 2 | @a新闻与传播学译丛·国外经典教材系列 |
| 304 | @a译者还有:宋晶、王海、李文君 | |
| 305 | @a据原书第3版译出 | |
| 330 | @a本书探索了广播电视管理背后的原理,深入分析了广播行业的主要构成元素,探讨了人力资源、受众、节目、销售、财务、法规、工程等关键内容。 | |
| 461 | 0 | @12001 @a新闻与传播学译丛·国外经典教材系列 |
| 510 | 1 | @aRadio-television-cable management@zeng |
| 606 | 0 | @a广播工作@x管理@j教材 |
| 606 | 0 | @a电视工作@x管理@j教材 |
| 606 | 0 | @a广播工作 |
| 606 | 0 | @a电视工作 |
| 690 | @aG221@v4 | |
| 701 | 1 | @a布朗@ABu Lang@g(Brown, James A.)@4著 |
| 702 | 1 | @a奎尔@AKui Er@g(Quaal, Ward L.)@4著 |
| 702 | 0 | @a钟新@AZhong Xin@c(女)@4译 |
| 801 | 0 | @aCN@bTANGWEI@c20110314 |
| 905 | @b0532713-16@dG221@e127@f4 | |
| 广播电视管理=Radio-television-cable management/(美)詹姆斯·A. 布朗(James A. Brown),(美)沃德·L. 奎尔(Ward L. Quaal)著/钟新[等]译.-北京:中国人民大学出版社,2010 |
| 479页;28cm.-(新闻与传播学译丛·国外经典教材系列) |
| ISBN 978-7-300-11760-7:CNY49.80 |
| 本书探索了广播电视管理背后的原理,深入分析了广播行业的主要构成元素,探讨了人力资源、受众、节目、销售、财务、法规、工程等关键内容。 |
| ● |
| 相关链接 |
|
|
|
|
正题名:广播电视管理
索取号:G221/127
 
预约/预借
| 序号 | 登录号 | 条形码 | 馆藏地/架位号 | 状态 | 备注 |
| 1 | 0532713 | 205327136 | 第一样本阅览室/ [索取号:G221/127] | 在馆 | |
| 2 | 0532714 | 205327145 | 密集书库-文学院/ [索取号:G221/127] | 在馆 | |
| 3 | 0532715 | 205327154 | 第四借阅区/ [索取号:G221/127] | 在馆 | |
| 4 | 0532716 | 205327163 | 第四借阅区/ [索取号:G221/127] | 在馆 |